000
00284nam a2200109Ia 4500
008
230907s9999||||xx |||||||||||||| ||und||
082
_a
4.6782
_b
ROU
245
4
_a
The basics of cloud computing :
260
_a
Syngress,; Elsevier,
_b
New Delhi :
_c
2014
300
_a
155 p.
942
_c
BK
999
_c
600466
_d
600466